Indovina il film dall'emoji #1 - Statistics

Statistiche generali
  • Questo quiz è stato fatto 1.280 volte
  • Il punteggio medio è 10 su 16
Statistiche sulle risposte
Indizio Film % Corretto
⛴🌊🧊 Titanic
99%
👽📞🏠 ET
95%
🦖🦕🎢 Jurassic Park
94%
🧙🪄⚡️ Harry Potter
89%
🚒🚫👻 Ghostbusters
84%
⛵️🏴‍☠️🏝 Pirati dei Caraibi
82%
🚀⭐️🔫 Star Wars
79%
🦈🏊🚤 Lo Squalo
78%
💇🙌✂️ Edward mani di forbice
59%
🧔‍♂️🔨⚡️ Thor
59%
🚙↔️🤖 Transformers
49%
😎😎👽 Men in Black
33%
👨🏾🐕🧟‍♂️ Io sono leggenda
31%
🏓🦐💝 Forrest Gump
30%
🤸‍♀️🕷⚫️ Vedova nera
16%
👨‍✈️✈️💥 Top Gun
10%
Nessun quiz corrispondente trovato
Distribuzione punteggi
Percentuale di utenti per punteggio
Percentile per numero di risposta
I tuoi punteggi nel tempo
Non hai fatto questo quiz